| 000 -LEADER |
| fixed length control field |
00933nam a22002057a 4500 |
| 005 - DATE AND TIME OF LATEST TRANSACTION |
| control field |
20190820111602.0 |
| 008 - FIXED-LENGTH DATA ELEMENTS--GENERAL INFORMATION |
| fixed length control field |
190820b ||||| |||| 00| 0 eng d |
| 020 ## - INTERNATIONAL STANDARD BOOK NUMBER |
| International Standard Book Number |
9780099512462 |
| 040 ## - CATALOGING SOURCE |
| Transcribing agency |
KH8 |
| 082 ## - DEWEY DECIMAL CLASSIFICATION NUMBER |
| Classification number |
FIC BAR |
| 100 ## - MAIN ENTRY--PERSONAL NAME |
| Personal name |
Barlow, Toby |
| 245 ## - TITLE STATEMENT |
| Title |
Sharp teeth / |
| Statement of responsibility, etc. |
Toby Barlow |
| 260 ## - PUBLICATION, DISTRIBUTION, ETC. |
| Place of publication, distribution, etc. |
London : |
| Name of publisher, distributor, etc. |
Vintage, |
| Date of publication, distribution, etc. |
2008. |
| 300 ## - PHYSICAL DESCRIPTION |
| Extent |
312 p. ; |
| Dimensions |
20 cm. |
| 500 ## - GENERAL NOTE |
| General note |
Originally published: London: William Heinemann, 2007. |
| 520 ## - SUMMARY, ETC. |
| Summary, etc. |
Stuck in the middle are a local dogcatcher and the woman he loves, whose secret past haunts her as she fights a bloody one-woman battle to save their relationship. Sharp Teeth is a novel-in-verse that blends epic themes with dark humour, dogs playing cards, crystal meth labs, and acts of heartache and betrayal in Southern California. |
| 650 ## - SUBJECT ADDED ENTRY--TOPICAL TERM |
| Topical term or geographic name entry element |
Werewolves |
| General subdivision |
Fiction. |
| Chronological subdivision |
Los Angeles |
| Geographic subdivision |
California |
| 650 ## - SUBJECT ADDED ENTRY--TOPICAL TERM |
| Topical term or geographic name entry element |
Gangs -- -- Fiction. |
| Chronological subdivision |
California -- Los Angeles |
| 942 ## - ADDED ENTRY ELEMENTS (KOHA) |
| Source of classification or shelving scheme |
|
| Koha item type |
Books - Fiction |